00483 2200157 4500001002100000005001500021035002000036007000300056008004100059020002200100100001100122245009300133250000900226260006800235300002200303INLIS00000000000018320210726105503 a0010-0721000168ta210726 1  a978-602-437-119-70 aSarman1 aPUTRI NIBUNG DI SARANG LANUN :bCerita Rakyat /cBadan Pengembangan dan Pembinaan Bahasa a2016 aJakarta Timur :bBadan Pengembangan dan Pembinaan Bahasa,c2016 a55 :bFiksi ;c21